000 00794nam a2200241 4500
001 13413
003 HDC
007 cr bn ---aaaaa
008 210212c xx dr|nes 0 a eng d
040 _aHDC
245 0 _aAbdullah reveals US$500m private equity fund
260 _a[No place] :
_b[publisher not identified],
_c[no year]
336 _atext
_2rdacontent
337 _acomputer
_2rdamedia
338 _aonline resource
_2rdacarrier
650 _aIslamic law
_9590
650 _aMutual funds
_zMalaysia
_94909
710 _aNew Sarawak Tribune
856 _zRequest full-text at [email protected]
942 _2lcc
942 _cNEWS
942 _kNWSC 004391
999 _c10729
_d10729